000 00726nam a2200265Ia 4500
003 OSt
005 20221006153339.0
006 a|||||r|||| 00| 0
007 ta
008 221006b |||||||| |||| 00| 0 jpn d
020 _a9784005003310
_c¥740
024 _a32,073
037 _bGift, Takatsugu Hayashi San
_cTextual
040 _aEASL
_cEASL
_bjpn
041 _2jpn
_ajpn
082 _aY:1v42, N9
100 _aYOSHIMURA Takehiko
_9663517
245 0 _aNihon shakai no tanjo
260 _aTokyo
_bIwanami Japan
_c1999
300 _a196p.
_ccm.
490 _v JL
650 _aJL
942 _hY:1v42, N9
_cTEXL
_2CC
999 _c1100159
_d1100159